Relección de Dominio

Saved in:
Bibliografiske detaljer
Hovedforfatter: Soto, Domingo de (Author)
Format: Bog
Sprog:spansk
Udgivet: Granada Universidad de Granada 1964
Fag:
Tags: Tilføj Tag
Ingen Tags, Vær først til at tagge denne postø!

MARC

LEADER 00000nam a2200000 a 4500
001 UCR2399
003 CL-VaPUC
008 980112e19640000SP |||||||||||||||||spa|d
082 0 4 |a 340.1  |b SOT  |2 21 
100 0 |a Soto, Domingo de  |e author  |9 360425 
245 1 0 |a Relección de Dominio 
300 |a 229 p 
942 |c BK 
945 |d 19980112 00:00:00  |a cmena 
260 |a Granada  |b Universidad de Granada  |c 1964 
650 0 |a Filosofía del derecho   |9 255050 
650 7 |a FILOSOFIA POLITICA  |2 CL-VaPUC  |9 400192 
650 0 |a Propiedad   |9 255268 
650 7 |a DERECHO CANONICO  |2 CL-VaPUC  |9 400193 
650 0 |a Escuelas filosóficas   |9 266232 
650 0 |a Derecho natural   |9 255041 
583 |a last modification  |c 19980112 00:00:00  |k Rodrigo Vera 
999 |c 265567  |d 265565 
952 |0 0  |1 0  |4 0  |6 340_100000000000000_SOT_1964  |7 0  |8 DER_HIS  |9 296550  |a BIBDER  |b BIBDER  |d 2019-11-20  |i 1923811  |o 340.1 SOT 1964  |p 1923811  |r 2023-01-25  |w 2019-11-20  |x Ubicación 4to Piso  |y BK  |z Estos recursos deben solicitarse con anticipación  |k DER